| 000 | 00743nam a22002057a 4500 | ||
|---|---|---|---|
| 005 | 20240214085840.0 | ||
| 008 | s2553 th tha d | ||
| 020 | _a9786165092623 | ||
| 040 | _aNALT | ||
| 041 | _atha | ||
| 050 | _aJQ1749.A8 ป236ล 2553 | ||
| 100 | 0 | _aทัศนา ปัญญา | |
| 245 | 1 | 0 | _aลับ ล้วง ทุบ ยุบพรรคประชาธิปัตย์ |
| 260 | 3 |
_aเชียงใหม่ : _bริช, _c2553 |
|
| 300 |
_a349 หน้า : _b ภาพประกอบ ; _c 21 ซม. |
||
| 650 | 0 | 4 | _aคดียุบพรรคประชาธิปัตย์ |
| 650 | 0 | 4 | _aพรรคประชาธิปัตย์ |
| 850 | _aNALT | ||
| 942 |
_cGB _2lcc |
||
| 999 |
_c63191 _d63191 |
||
| 998 |
_j4574 _k นักศึกษาฝึกงาน-01 |
||